| 000 | 01947nam a2200529 i 4500 | ||
|---|---|---|---|
| 001 | 30874 | ||
| 003 | KOSZ 005 | ||
| 005 | 20210519105349.0 | ||
| 008 | 980702s1995 pl a f |000 0 pol | ||
| 015 | _aUWD 1996/12721 | ||
| 020 | _a2831702410 | ||
| 035 | _a991004303209705066 | ||
| 035 | _a(PL-WaBN)b11139109-48omnis_nlop | ||
| 035 | _ab11139109 | ||
| 035 | _a(OCoLC)830114428 | ||
| 035 | _a(PL)b0000001113910 | ||
| 035 | _a(EXLNZ-48OMNIS_NETWORK)9910383013705606 | ||
| 040 |
_aWA N _cWA N _dKOSZ 005/EG |
||
| 041 | 0 |
_apol _beng |
|
| 046 | _k1995 | ||
| 080 | _a502.5 | ||
| 080 | _a504 | ||
| 080 | _a627.4/.5 | ||
| 080 | _a(438) | ||
| 245 | 0 | 0 |
_aKorytarz ekologiczny doliny Odry = _bOder as an ecological corridor : stan, funkcjonowanie, zagrożenia : praca zbiorowa = state, functioning, threats / _cpod red. nauk. Wojciecha Jankowskiego, Krzysztofa Świerkosza ; koord. projektu Zenon Tederko ; IUCN [The International World Conservation Union] - Program Europy. |
| 260 |
_aWarszawa : _bFundacja IUCN Poland, _c1995. |
||
| 300 |
_a266, [1] s., [16] s. fot. kolor., [1] k. tabl. złoż. : _bmapy, wykr. ; _c24 cm. |
||
| 336 |
_aTekst _btxt _2rdacontent |
||
| 337 |
_aBez urządzenia pośredniczącego _bn _2rdamedia |
||
| 338 |
_aWolumin _bnc _2rdacarrier |
||
| 380 | _aKsiążki | ||
| 388 | _a1901-2000 | ||
| 388 | _a1989-2000 | ||
| 504 | _aBibliogr. s. 240-266. - Summ. | ||
| 650 | 7 |
_aOchrona środowiska _2DBN |
|
| 650 | 7 |
_aFauna _2DBN |
|
| 650 | 7 |
_aFlora _2DBN |
|
| 651 | 7 |
_aOdra (dolina) _2DBN |
|
| 651 | 7 |
_aPolska _2DBN |
|
| 658 | _aOchrona środowiska | ||
| 700 | 1 |
_aJankowski, Wojciech _eRedakcja |
|
| 700 | 1 |
_aŚwierkosz, Krzysztof _d(1966- ) _eRedakcja |
|
| 700 | 1 |
_aTederko, Zenon _eRedakcja |
|
| 856 |
_uhttp://koha.tu.koszalin.pl/cgi-bin/koha/opac-detail.pl?biblionumber=30874 _yKatalog online BPK |
||
| 942 |
_2UKD _cKS |
||
| 999 |
_c30874 _d30874 |
||